[Event "Open"]
[Site "Maastricht, NL"]
[Date "2025.06.08"]
[Round "5"]
[White "Verheul, Job"]
[Black "Eckardt, Joshua"]
[Result "1/2-1/2"]
[Board "11"]
[WhiteFideId "1072030"]
[BlackFideId "12941646"]
[WhiteElo "2081"]
[BlackElo "2241"]
[WhiteTeam "NED"]
[BlackTeam "GER"]
[WhiteClock "0:00:17"]
[BlackClock "0:01:34"]
[Variant "Standard"]

1. e4 {[%clk 1:30:56]}  e6 {[%clk 1:30:47]} 2. d4 {[%clk 1:31:20]}  d5 {[%clk 1:31:11]} 3. Nd2 {[%clk 1:31:44]}  c5 {[%clk 1:31:25]} 4. exd5 {[%clk 1:31:48]}  Qxd5 {[%clk 1:31:47]} 5. Ngf3 {[%clk 1:32:03]}  cxd4 {[%clk 1:32:08]} 6. Bc4 {[%clk 1:32:25]}  Qd7 {[%clk 1:32:32]} 7. O-O {[%clk 1:31:47]}  Nc6 {[%clk 1:32:54]} 8. Nb3 {[%clk 1:31:50]}  Nf6 {[%clk 1:33:15]} 9. Nbxd4 {[%clk 1:31:53]}  Nxd4 {[%clk 1:33:36]} 10. Qxd4 {[%clk 1:29:22]}  Qxd4 {[%clk 1:33:47]} 11. Nxd4 {[%clk 1:29:50]}  Bd7 {[%clk 1:34:06]} 12. Bf4 {[%clk 1:27:21]}  Rc8 {[%clk 1:32:42]} 13. Be2 {[%clk 1:26:23]}  Bc5 {[%clk 1:28:26]} 14. Nb3 {[%clk 1:25:37]}  Bb6 {[%clk 1:26:17]} 15. c3 {[%clk 1:25:17]}  Ke7 {[%clk 1:21:56]} 16. Bf3 {[%clk 1:21:29]}  Bc6 {[%clk 1:22:01]} 17. Bxc6 {[%clk 1:21:06]}  Rxc6 {[%clk 1:22:23]} 18. Rad1 {[%clk 1:20:51]}  Rhc8 {[%clk 1:11:48]} 19. Rfe1 {[%clk 1:13:47]}  Rc4 {[%clk 0:57:13]} 20. Be3 {[%clk 1:06:07]}  Bxe3 {[%clk 0:55:07]} 21. Rxe3 {[%clk 1:06:13]}  Re4 {[%clk 0:50:39]} 22. Rxe4 {[%clk 0:55:23]}  Nxe4 {[%clk 0:50:51]} 23. Re1 {[%clk 0:53:40]}  Nd6 {[%clk 0:49:36]} 24. Nd4 {[%clk 0:51:42]}  Rc5 {[%clk 0:43:44]} 25. Re2 {[%clk 0:31:18]}  g5 {[%clk 0:37:46]} 26. f3 {[%clk 0:28:54]}  Kf6 {[%clk 0:34:10]} 27. Kf2 {[%clk 0:28:09]}  h5 {[%clk 0:29:42]} 28. Ke1 {[%clk 0:20:57]}  Ra5 {[%clk 0:23:37]} 29. a3 {[%clk 0:15:45]}  Nc4 {[%clk 0:20:15]} 30. Kd1 {[%clk 0:15:23]}  e5 {[%clk 0:17:51]} 31. Nb3 {[%clk 0:15:26]}  Rb5 {[%clk 0:17:14]} 32. Kc2 {[%clk 0:15:45]}  Kf5 {[%clk 0:13:02]} 33. Re4 {[%clk 0:13:28]}  Nd6 {[%clk 0:11:45]} 34. Re2 {[%clk 0:05:12]}  h4 {[%clk 0:07:38]} 35. Nd2 {[%clk 0:04:43]}  f6 {[%clk 0:05:34]} 36. c4 {[%clk 0:04:08]}  Rc5 {[%clk 0:04:34]} 37. b4 {[%clk 0:03:32]}  Rc7 {[%clk 0:03:20]} 38. Kd3 {[%clk 0:01:36]}  Ke6 {[%clk 0:02:23]} 39. a4 {[%clk 0:01:18]}  b6 {[%clk 0:02:36]} 40. Re1 {[%clk 0:01:02]}  a5 {[%clk 0:01:58]} 41. bxa5 {[%clk 0:00:48]}  bxa5 {[%clk 0:02:21]} 42. Rb1 {[%clk 0:00:55]}  Rc6 {[%clk 0:01:32]} 43. Rb8 {[%clk 0:00:39]}  f5 {[%clk 0:01:25]} 44. Rg8 {[%clk 0:00:43]}  Kf6 {[%clk 0:01:18]} 45. Rf8+ {[%clk 0:00:57]}  Ke6 {[%clk 0:01:21]} 46. Rg8 {[%clk 0:01:22]}  Kf6 {[%clk 0:01:16]} 47. Rf8+ {[%clk 0:01:44]}  Kg7 {[%clk 0:01:08]} 48. Ra8 {[%clk 0:01:47]}  e4+ {[%clk 0:00:50]} 49. fxe4 {[%clk 0:01:59]}  fxe4+ {[%clk 0:01:14]} 50. Nxe4 {[%clk 0:01:11]}  Nxe4 {[%clk 0:01:28]} 51. Kxe4 {[%clk 0:01:39]}  Rxc4+ {[%clk 0:01:43]} 52. Kf5 {[%clk 0:01:50]}  Rc5+ {[%clk 0:01:34]} 53. Ke4 {[%clk 0:00:17]} 1/2-1/2

[Event "Open"]
[Site "Maastricht, NL"]
[Date "2025.06.08"]
[Round "5"]
[White "Ten Dam, Bram"]
[Black "Dann, Matthias"]
[Result "1/2-1/2"]
[Board "12"]
[WhiteFideId "40104877"]
[BlackFideId "24638056"]
[BlackTitle "IM"]
[WhiteElo "2137"]
[BlackElo "2446"]
[WhiteTeam "NED"]
[BlackTeam "GER"]
[WhiteClock "0:18:08"]
[BlackClock "0:11:58"]
[Variant "Standard"]

1. e4 {[%clk 1:30:58]}  c5 {[%clk 1:30:24]} 2. Nf3 {[%clk 1:30:10]}  d6 {[%clk 1:30:48]} 3. d4 {[%clk 1:30:27]}  cxd4 {[%clk 1:31:14]} 4. Nxd4 {[%clk 1:30:51]}  Nf6 {[%clk 1:31:40]} 5. Nc3 {[%clk 1:30:54]}  a6 {[%clk 1:31:38]} 6. Bg5 {[%clk 1:31:12]}  Nbd7 {[%clk 1:30:37]} 7. f4 {[%clk 1:30:01]}  Qc7 {[%clk 1:30:50]} 8. Qf3 {[%clk 1:30:07]}  b5 {[%clk 1:31:12]} 9. a3 {[%clk 1:21:09]}  Bb7 {[%clk 1:25:53]} 10. O-O-O {[%clk 1:19:19]}  e6 {[%clk 1:23:47]} 11. Bd3 {[%clk 1:17:59]}  Qb6 {[%clk 1:19:55]} 12. Bxf6 {[%clk 1:07:10]}  Nxf6 {[%clk 1:11:07]} 13. Rhe1 {[%clk 1:02:16]}  Be7 {[%clk 0:47:43]} 14. Qh3 {[%clk 0:45:30]}  Rc8 {[%clk 0:37:47]} 15. e5 {[%clk 0:37:24]}  dxe5 {[%clk 0:38:04]} 16. fxe5 {[%clk 0:37:34]}  Nd5 {[%clk 0:38:03]} 17. Nxd5 {[%clk 0:34:03]}  Bxd5 {[%clk 0:38:29]} 18. Kb1 {[%clk 0:27:01]}  Rd8 {[%clk 0:23:23]} 19. c3 {[%clk 0:22:40]}  Qc7 {[%clk 0:20:10]} 20. Bc2 {[%clk 0:18:08]}  Qb7 {[%clk 0:11:58]} 1/2-1/2

[Event "Open"]
[Site "Maastricht, NL"]
[Date "2025.06.09"]
[Round "6"]
[White "Bok, Benjamin"]
[Black "Warmerdam, Max"]
[Result "1/2-1/2"]
[Board "1"]
[WhiteFideId "1017063"]
[BlackFideId "1048104"]
[WhiteTitle "GM"]
[BlackTitle "GM"]
[WhiteElo "2582"]
[BlackElo "2613"]
[WhiteTeam "NED"]
[BlackTeam "NED"]
[WhiteClock "0:53:50"]
[BlackClock "0:51:39"]
[Variant "Standard"]

1. Nf3 {[%clk 1:20:20]}  Nf6 {[%clk 1:30:43]} 2. g3 {[%clk 1:20:19]}  b6 {[%clk 1:30:51]} 3. Bg2 {[%clk 1:19:20]}  Bb7 {[%clk 1:31:15]} 4. O-O {[%clk 1:18:02]}  g6 {[%clk 1:31:17]} 5. c4 {[%clk 1:17:15]}  c5 {[%clk 1:31:32]} 6. b3 {[%clk 1:10:31]}  Bg7 {[%clk 1:31:45]} 7. Bb2 {[%clk 1:10:57]}  O-O {[%clk 1:32:10]} 8. Nc3 {[%clk 1:10:40]}  d5 {[%clk 1:31:26]} 9. Nxd5 {[%clk 1:10:25]}  Nxd5 {[%clk 1:30:37]} 10. Bxg7 {[%clk 1:10:50]}  Kxg7 {[%clk 1:31:03]} 11. cxd5 {[%clk 1:11:15]}  Qxd5 {[%clk 1:19:14]} 12. d4 {[%clk 1:11:20]}  Na6 {[%clk 1:14:39]} 13. dxc5 {[%clk 1:11:20]}  Nxc5 {[%clk 1:08:04]} 14. Qxd5 {[%clk 1:03:09]}  Bxd5 {[%clk 1:08:06]} 15. Rfd1 {[%clk 1:03:31]}  Rfd8 {[%clk 1:06:23]} 16. Ne5 {[%clk 0:53:50]}  Bxg2 {[%clk 0:51:39]} 1/2-1/2

[Event "Open"]
[Site "Maastricht, NL"]
[Date "2025.06.09"]
[Round "6"]
[White "Laurent-Paoli, Pierre"]
[Black "Barzen, Pascal"]
[Result "1-0"]
[Board "2"]
[WhiteFideId "26017962"]
[BlackFideId "24653497"]
[WhiteTitle "GM"]
[BlackTitle "FM"]
[WhiteElo "2545"]
[BlackElo "2348"]
[WhiteTeam "FRA"]
[BlackTeam "GER"]
[WhiteClock "0:52:39"]
[BlackClock "0:56:40"]
[Variant "Standard"]

1. d4 {[%clk 1:20:28]}  Nf6 {[%clk 1:30:51]} 2. c4 {[%clk 1:20:30]}  e6 {[%clk 1:31:15]} 3. Nc3 {[%clk 1:20:57]}  Bb4 {[%clk 1:31:13]} 4. e3 {[%clk 1:21:17]}  O-O {[%clk 1:31:36]} 5. a3 {[%clk 1:21:43]}  Bxc3+ {[%clk 1:31:59]} 6. bxc3 {[%clk 1:22:06]}  d6 {[%clk 1:31:42]} 7. Ne2 {[%clk 1:22:28]}  e5 {[%clk 1:31:33]} 8. Ng3 {[%clk 1:22:53]}  Re8 {[%clk 1:30:18]} 9. Be2 {[%clk 1:22:13]}  e4 {[%clk 1:26:31]} 10. O-O {[%clk 1:16:15]}  Nc6 {[%clk 1:17:38]} 11. f3 {[%clk 1:13:40]}  exf3 {[%clk 1:16:06]} 12. Bxf3 {[%clk 1:11:02]}  Na5 {[%clk 1:15:42]} 13. e4 {[%clk 1:08:52]}  Nxc4 {[%clk 1:12:44]} 14. Bg5 {[%clk 1:07:21]}  h6 {[%clk 1:03:43]} 15. Bxf6 {[%clk 1:07:35]}  Qxf6 {[%clk 1:04:04]} 16. Bh5 {[%clk 0:57:22]}  Ne3 {[%clk 1:01:13]} 17. Rxf6 {[%clk 0:57:47]}  Nxd1 {[%clk 1:01:36]} 18. Bxf7+ {[%clk 0:58:12]}  Kf8 {[%clk 0:58:06]} 19. Rf3 {[%clk 0:56:59]}  Nb2 {[%clk 0:56:40]} 20. Rb1 {[%clk 0:52:39]} 1-0

[Event "Open"]
[Site "Maastricht, NL"]
[Date "2025.06.09"]
[Round "6"]
[White "Van Batenburg, Mees"]
[Black "Pauly, Carlo"]
[Result "0-1"]
[Board "3"]
[WhiteFideId "1078259"]
[BlackFideId "24673269"]
[BlackTitle "FM"]
[WhiteElo "2218"]
[BlackElo "2278"]
[WhiteTeam "NED"]
[BlackTeam "GER"]
[WhiteClock "0:02:10"]
[BlackClock "0:04:40"]
[Variant "Standard"]

1. e4 {[%clk 1:23:16]}  c5 {[%clk 1:30:53]} 2. Nf3 {[%clk 1:23:41]}  Nc6 {[%clk 1:31:17]} 3. Nc3 {[%clk 1:24:08]}  Nf6 {[%clk 1:27:39]} 4. d4 {[%clk 1:24:33]}  cxd4 {[%clk 1:28:04]} 5. Nxd4 {[%clk 1:25:00]}  e5 {[%clk 1:25:17]} 6. Ndb5 {[%clk 1:24:59]}  d6 {[%clk 1:25:41]} 7. Nd5 {[%clk 1:25:27]}  Nxd5 {[%clk 1:25:49]} 8. exd5 {[%clk 1:25:52]}  Ne7 {[%clk 1:16:07]} 9. c4 {[%clk 1:24:26]}  Ng6 {[%clk 1:13:42]} 10. Qa4 {[%clk 1:24:24]}  Bd7 {[%clk 1:08:37]} 11. Qb4 {[%clk 1:24:20]}  Qb8 {[%clk 1:02:19]} 12. h4 {[%clk 1:21:38]}  h5 {[%clk 0:58:38]} 13. Be2 {[%clk 1:21:17]}  a6 {[%clk 0:51:53]} 14. Nc3 {[%clk 1:19:20]}  Nf4 {[%clk 0:51:57]} 15. Bxf4 {[%clk 1:14:05]}  exf4 {[%clk 0:51:58]} 16. Ne4 {[%clk 1:01:06]}  Bf5 {[%clk 0:36:59]} 17. Qa4+ {[%clk 0:59:15]}  Bd7 {[%clk 0:33:30]} 18. Qa3 {[%clk 0:58:01]}  Qc7 {[%clk 0:32:18]} 19. Rc1 {[%clk 0:52:07]}  Bf5 {[%clk 0:29:58]} 20. Bf3 {[%clk 0:34:05]}  Be7 {[%clk 0:27:29]} 21. O-O {[%clk 0:32:28]}  O-O {[%clk 0:26:30]} 22. Rfe1 {[%clk 0:30:06]}  g6 {[%clk 0:23:56]} 23. Qb4 {[%clk 0:25:54]}  Bxe4 {[%clk 0:20:28]} 24. Rxe4 {[%clk 0:24:32]}  Bxh4 {[%clk 0:20:07]} 25. Rce1 {[%clk 0:24:50]}  Bf6 {[%clk 0:18:08]} 26. Rxf4 {[%clk 0:23:48]}  Be5 {[%clk 0:18:10]} 27. Rfe4 {[%clk 0:20:15]}  Rac8 {[%clk 0:16:23]} 28. Qb3 {[%clk 0:16:41]}  Kg7 {[%clk 0:15:22]} 29. Rc1 {[%clk 0:13:33]}  b6 {[%clk 0:15:16]} 30. Qa3 {[%clk 0:12:56]}  a5 {[%clk 0:14:53]} 31. Bd1 {[%clk 0:11:02]}  Qd8 {[%clk 0:14:45]} 32. f4 {[%clk 0:08:46]}  f5 {[%clk 0:13:50]} 33. Rxe5 {[%clk 0:07:09]}  dxe5 {[%clk 0:14:16]} 34. fxe5 {[%clk 0:07:20]}  Qg5 {[%clk 0:13:50]} 35. Qc3 {[%clk 0:07:12]}  b5 {[%clk 0:13:44]} 36. e6+ {[%clk 0:07:30]}  Kh6 {[%clk 0:13:51]} 37. c5 {[%clk 0:06:38]}  b4 {[%clk 0:13:39]} 38. Qc4 {[%clk 0:07:05]}  Qe3+ {[%clk 0:13:51]} 39. Kf1 {[%clk 0:06:17]}  h4 {[%clk 0:10:53]} 40. Qxh4+ {[%clk 0:05:35]}  Kg7 {[%clk 0:11:18]} 41. Rc4 {[%clk 0:05:26]}  f4 {[%clk 0:10:00]} 42. Qf2 {[%clk 0:00:48]}  Qd3+ {[%clk 0:09:49]} 43. Qe2 {[%clk 0:00:36]}  Qxd5 {[%clk 0:09:58]} 44. e7 {[%clk 0:00:36]}  Rh8 {[%clk 0:09:24]} 45. Kg1 {[%clk 0:00:36]}  Rxc5 {[%clk 0:07:59]} 46. Rxf4 {[%clk 0:00:43]}  Re8 {[%clk 0:04:51]} 47. Bb3 {[%clk 0:00:34]}  Rc1+ {[%clk 0:05:10]} 48. Kh2 {[%clk 0:00:35]}  Qd6 {[%clk 0:04:54]} 49. Qe3 {[%clk 0:00:35]}  Rxe7 {[%clk 0:03:59]} 50. Qd4+ {[%clk 0:00:42]}  Qxd4 {[%clk 0:04:24]} 51. Rxd4 {[%clk 0:01:12]}  Rc5 {[%clk 0:04:40]} 52. Bc4 {[%clk 0:00:36]}  Re3 {[%clk 0:04:17]} 53. Bd3 {[%clk 0:00:39]}  Kf6 {[%clk 0:04:05]} 54. Kg1 {[%clk 0:00:35]}  Ke5 {[%clk 0:03:55]} 55. Rd8 {[%clk 0:01:00]}  Rd5 {[%clk 0:04:04]} 56. Re8+ {[%clk 0:00:38]}  Kd4 {[%clk 0:04:26]} 57. Bxg6 {[%clk 0:01:01]}  Rxe8 {[%clk 0:04:48]} 58. Bxe8 {[%clk 0:01:27]}  Re5 {[%clk 0:05:01]} 59. Bf7 {[%clk 0:01:22]}  Re2 {[%clk 0:05:19]} 60. g4 {[%clk 0:01:49]}  Rxb2 {[%clk 0:05:22]} 61. Kf1 {[%clk 0:01:48]}  a4 {[%clk 0:04:12]} 62. Ke1 {[%clk 0:02:13]}  b3 {[%clk 0:04:30]} 63. a3 {[%clk 0:01:50]}  Rg2 {[%clk 0:04:41]} 64. Kd1 {[%clk 0:02:10]}  Kc3 {[%clk 0:04:40]} 0-1

[Event "Open"]
[Site "Maastricht, NL"]
[Date "2025.06.09"]
[Round "6"]
[White "Gurevich, Mikhail"]
[Black "Kienitz, Andre"]
[Result "1-0"]
[Board "4"]
[WhiteFideId "200930"]
[BlackFideId "24609064"]
[WhiteTitle "GM"]
[WhiteElo "2567"]
[BlackElo "2124"]
[WhiteTeam "BEL"]
[BlackTeam "GER"]
[WhiteClock "0:10:49"]
[BlackClock "0:04:28"]
[Variant "Standard"]

1. d4 {[%clk 1:25:02]}  Nf6 {[%clk 1:30:46]} 2. c4 {[%clk 1:25:26]}  e6 {[%clk 1:31:07]} 3. Nc3 {[%clk 1:25:42]}  Bb4 {[%clk 1:31:17]} 4. e3 {[%clk 1:26:05]}  O-O {[%clk 1:31:32]} 5. Nge2 {[%clk 1:26:27]}  d5 {[%clk 1:31:25]} 6. a3 {[%clk 1:26:52]}  Be7 {[%clk 1:31:29]} 7. cxd5 {[%clk 1:27:15]}  exd5 {[%clk 1:31:44]} 8. g3 {[%clk 1:27:38]}  c6 {[%clk 1:30:56]} 9. Bg2 {[%clk 1:28:01]}  Re8 {[%clk 1:24:53]} 10. O-O {[%clk 1:27:37]}  Bf5 {[%clk 1:23:25]} 11. f3 {[%clk 1:26:46]}  Bf8 {[%clk 1:11:10]} 12. g4 {[%clk 1:25:08]}  Be6 {[%clk 1:07:52]} 13. Nf4 {[%clk 1:23:54]}  Na6 {[%clk 0:58:19]} 14. g5 {[%clk 1:08:35]}  Nd7 {[%clk 0:57:47]} 15. e4 {[%clk 1:08:58]}  Nc7 {[%clk 0:55:57]} 16. Kh1 {[%clk 1:06:17]}  Nb6 {[%clk 0:53:15]} 17. e5 {[%clk 1:01:43]}  Bf5 {[%clk 0:49:16]} 18. Nh5 {[%clk 1:01:49]}  Qd7 {[%clk 0:47:04]} 19. Ng3 {[%clk 0:57:42]}  a5 {[%clk 0:37:21]} 20. Nxf5 {[%clk 0:54:02]}  Qxf5 {[%clk 0:37:44]} 21. f4 {[%clk 0:54:27]}  c5 {[%clk 0:35:18]} 22. Ne2 {[%clk 0:52:11]}  cxd4 {[%clk 0:32:08]} 23. Nxd4 {[%clk 0:50:16]}  Qd7 {[%clk 0:32:07]} 24. a4 {[%clk 0:39:49]}  Ne6 {[%clk 0:27:31]} 25. b3 {[%clk 0:39:08]}  Rac8 {[%clk 0:25:12]} 26. Be3 {[%clk 0:32:43]}  Nxd4 {[%clk 0:23:26]} 27. Bxd4 {[%clk 0:33:04]}  Bc5 {[%clk 0:23:16]} 28. Rc1 {[%clk 0:33:18]}  Qe7 {[%clk 0:20:19]} 29. Bh3 {[%clk 0:27:29]}  Rc7 {[%clk 0:19:53]} 30. Qd2 {[%clk 0:23:50]}  Na8 {[%clk 0:16:02]} 31. Ba1 {[%clk 0:20:03]}  Rd8 {[%clk 0:10:33]} 32. f5 {[%clk 0:15:13]}  d4 {[%clk 0:10:09]} 33. Qf4 {[%clk 0:15:35]}  f6 {[%clk 0:09:11]} 34. gxf6 {[%clk 0:14:53]}  gxf6 {[%clk 0:09:35]} 35. Rg1+ {[%clk 0:13:45]}  Kh8 {[%clk 0:09:52]} 36. Rce1 {[%clk 0:14:10]}  fxe5 {[%clk 0:05:01]} 37. Rxe5 {[%clk 0:13:35]}  Qd6 {[%clk 0:05:14]} 38. f6 {[%clk 0:11:11]}  Rf8 {[%clk 0:04:28]} 39. Be6 {[%clk 0:10:49]} 1-0

[Event "Open"]
[Site "Maastricht, NL"]
[Date "2025.06.09"]
[Round "6"]
[White "Kazarjan, Gachatur"]
[Black "Gloeckler, Christian"]
[Result "0-1"]
[Board "5"]
[WhiteFideId "1068750"]
[BlackFideId "34608966"]
[BlackTitle "FM"]
[WhiteElo "2191"]
[BlackElo "2439"]
[WhiteTeam "NED"]
[BlackTeam "GER"]
[WhiteClock "0:32:24"]
[BlackClock "0:02:40"]
[Variant "Standard"]

1. e4 {[%clk 1:30:56]}  c5 {[%clk 1:28:07]} 2. Nf3 {[%clk 1:31:21]}  d6 {[%clk 1:28:34]} 3. d4 {[%clk 1:31:46]}  cxd4 {[%clk 1:29:01]} 4. Nxd4 {[%clk 1:32:06]}  Nf6 {[%clk 1:29:27]} 5. Nc3 {[%clk 1:32:15]}  a6 {[%clk 1:29:54]} 6. h4 {[%clk 1:30:14]}  e5 {[%clk 1:30:17]} 7. Nb3 {[%clk 1:30:39]}  Be7 {[%clk 1:30:42]} 8. Bg5 {[%clk 1:31:01]}  Be6 {[%clk 1:31:06]} 9. Bxf6 {[%clk 1:31:26]}  Bxf6 {[%clk 1:31:32]} 10. g3 {[%clk 1:31:53]}  Be7 {[%clk 1:31:54]} 11. Bg2 {[%clk 1:30:15]}  Nd7 {[%clk 1:27:23]} 12. Nd5 {[%clk 1:26:01]}  Nb6 {[%clk 1:12:58]} 13. Qd3 {[%clk 1:18:08]}  O-O {[%clk 1:08:10]} 14. O-O-O {[%clk 1:05:54]}  Nxd5 {[%clk 1:02:23]} 15. exd5 {[%clk 1:05:32]}  Bd7 {[%clk 1:02:45]} 16. f4 {[%clk 1:01:43]}  exf4 {[%clk 0:54:17]} 17. gxf4 {[%clk 1:01:08]}  Qb6 {[%clk 0:53:46]} 18. h5 {[%clk 0:59:40]}  h6 {[%clk 0:48:00]} 19. Bh3 {[%clk 0:47:24]}  Bxh3 {[%clk 0:35:24]} 20. Rxh3 {[%clk 0:47:30]}  Bf6 {[%clk 0:35:44]} 21. c3 {[%clk 0:47:24]}  Rfe8 {[%clk 0:34:24]} 22. Rg3 {[%clk 0:46:19]}  Qf2 {[%clk 0:32:42]} 23. Rf3 {[%clk 0:40:28]}  Qe2 {[%clk 0:30:29]} 24. Na5 {[%clk 0:37:21]}  b5 {[%clk 0:25:18]} 25. a3 {[%clk 0:33:30]}  Qxd3 {[%clk 0:21:09]} 26. Rdxd3 {[%clk 0:32:43]}  Bd8 {[%clk 0:18:54]} 27. Nc6 {[%clk 0:32:46]}  Bb6 {[%clk 0:19:14]} 28. Kd1 {[%clk 0:33:08]}  Re4 {[%clk 0:17:28]} 29. Rd2 {[%clk 0:32:41]}  Rae8 {[%clk 0:16:16]} 30. Rg3 {[%clk 0:32:04]}  Rxf4 {[%clk 0:14:34]} 31. Rdg2 {[%clk 0:31:54]}  Rf1+ {[%clk 0:14:44]} 32. Kd2 {[%clk 0:32:20]}  Rf2+ {[%clk 0:14:54]} 33. Rxf2 {[%clk 0:32:46]}  Bxf2 {[%clk 0:15:17]} 34. Rg2 {[%clk 0:33:09]}  Bb6 {[%clk 0:11:50]} 35. Rg4 {[%clk 0:33:02]}  g5 {[%clk 0:07:00]} 36. hxg6 {[%clk 0:32:49]}  f5 {[%clk 0:07:14]} 37. Rg2 {[%clk 0:32:15]}  Kg7 {[%clk 0:06:15]} 38. Re2 {[%clk 0:29:51]}  Rxe2+ {[%clk 0:04:48]} 39. Kxe2 {[%clk 0:30:20]}  Kxg6 {[%clk 0:05:01]} 40. Kf3 {[%clk 0:30:41]}  Kg5 {[%clk 0:04:09]} 41. Nb4 {[%clk 0:31:04]}  a5 {[%clk 0:03:57]} 42. Nd3 {[%clk 0:31:29]}  a4 {[%clk 0:02:13]} 43. Nf4 {[%clk 0:31:51]}  h5 {[%clk 0:02:32]} 44. Nh3+ {[%clk 0:31:59]}  Kf6 {[%clk 0:02:45]} 45. Kf4 {[%clk 0:32:24]}  h4 {[%clk 0:02:40]} 0-1

[Event "Open"]
[Site "Maastricht, NL"]
[Date "2025.06.09"]
[Round "6"]
[White "Degraeve, Remy"]
[Black "Gijsen, Stief"]
[Result "1-0"]
[Board "6"]
[WhiteFideId "26024560"]
[BlackFideId "207535"]
[WhiteTitle "IM"]
[WhiteElo "2425"]
[BlackElo "2210"]
[WhiteTeam "FRA"]
[BlackTeam "BEL"]
[WhiteClock "0:13:12"]
[BlackClock "0:00:40"]
[Variant "Standard"]

1. e4 {[%clk 1:21:38]}  e5 {[%clk 1:30:49]} 2. Nf3 {[%clk 1:22:05]}  Nc6 {[%clk 1:31:13]} 3. Bb5 {[%clk 1:22:32]}  a6 {[%clk 1:31:39]} 4. Ba4 {[%clk 1:23:00]}  Nf6 {[%clk 1:32:04]} 5. O-O {[%clk 1:23:24]}  d6 {[%clk 1:32:30]} 6. c4 {[%clk 1:21:11]}  Be7 {[%clk 1:24:56]} 7. d4 {[%clk 1:21:11]}  O-O {[%clk 1:23:20]} 8. d5 {[%clk 1:20:40]}  Nb8 {[%clk 1:23:23]} 9. Nc3 {[%clk 1:21:06]}  Bg4 {[%clk 1:19:44]} 10. Bc2 {[%clk 1:16:35]}  c5 {[%clk 1:02:39]} 11. Qd3 {[%clk 1:10:36]}  Ne8 {[%clk 0:58:45]} 12. h3 {[%clk 1:10:14]}  Bxf3 {[%clk 0:58:27]} 13. Qxf3 {[%clk 1:10:39]}  Bg5 {[%clk 0:58:50]} 14. a3 {[%clk 1:09:41]}  Nd7 {[%clk 0:57:32]} 15. Rb1 {[%clk 1:07:40]}  Nc7 {[%clk 0:55:36]} 16. Bxg5 {[%clk 0:56:46]}  Qxg5 {[%clk 0:54:38]} 17. Ba4 {[%clk 0:57:12]}  Nb6 {[%clk 0:49:48]} 18. Qd3 {[%clk 0:57:11]}  Nxa4 {[%clk 0:48:54]} 19. Nxa4 {[%clk 0:57:00]}  b5 {[%clk 0:49:18]} 20. Nb6 {[%clk 0:57:25]}  Rad8 {[%clk 0:47:00]} 21. b4 {[%clk 0:57:44]}  f5 {[%clk 0:44:59]} 22. bxc5 {[%clk 0:42:17]}  dxc5 {[%clk 0:40:03]} 23. a4 {[%clk 0:40:54]}  Rd6 {[%clk 0:28:55]} 24. a5 {[%clk 0:39:30]}  Ne6 {[%clk 0:28:51]} 25. Qg3 {[%clk 0:38:52]}  Qxg3 {[%clk 0:26:02]} 26. fxg3 {[%clk 0:39:19]}  Nd4 {[%clk 0:26:27]} 27. exf5 {[%clk 0:39:19]}  bxc4 {[%clk 0:26:38]} 28. Nxc4 {[%clk 0:36:47]}  Rxd5 {[%clk 0:27:04]} 29. g4 {[%clk 0:37:09]}  Nb5 {[%clk 0:25:35]} 30. Rbe1 {[%clk 0:34:50]}  Re8 {[%clk 0:25:02]} 31. f6 {[%clk 0:33:26]}  Kf7 {[%clk 0:25:07]} 32. fxg7+ {[%clk 0:31:30]}  Kxg7 {[%clk 0:25:33]} 33. Rf5 {[%clk 0:30:28]}  Nd6 {[%clk 0:17:25]} 34. Rfxe5 {[%clk 0:30:45]}  Rexe5 {[%clk 0:17:34]} 35. Nxe5 {[%clk 0:31:00]}  c4 {[%clk 0:17:39]} 36. Nf3 {[%clk 0:28:34]}  Rxa5 {[%clk 0:17:05]} 37. Re7+ {[%clk 0:28:53]}  Kf6 {[%clk 0:15:17]} 38. Rc7 {[%clk 0:29:14]}  Ke6 {[%clk 0:12:19]} 39. Kf2 {[%clk 0:27:10]}  Ra2+ {[%clk 0:11:50]} 40. Ke3 {[%clk 0:27:24]}  a5 {[%clk 0:10:43]} 41. Rxh7 {[%clk 0:26:31]}  a4 {[%clk 0:11:12]} 42. Kd4 {[%clk 0:26:46]}  a3 {[%clk 0:10:01]} 43. Kc5 {[%clk 0:19:49]}  Ne4+ {[%clk 0:08:18]} 44. Kxc4 {[%clk 0:20:13]}  Rxg2 {[%clk 0:07:53]} 45. Ra7 {[%clk 0:19:00]}  a2 {[%clk 0:06:36]} 46. Kd4 {[%clk 0:18:30]}  Nd2 {[%clk 0:05:01]} 47. Ra6+ {[%clk 0:15:24]}  Kf7 {[%clk 0:04:29]} 48. Ng5+ {[%clk 0:12:54]}  Kg7 {[%clk 0:04:06]} 49. Kc3 {[%clk 0:13:13]}  Nf3 {[%clk 0:03:55]} 50. Ne6+ {[%clk 0:12:54]}  Kg8 {[%clk 0:04:00]} 51. Kd3 {[%clk 0:12:31]}  Ng1 {[%clk 0:02:01]} 52. Ke4 {[%clk 0:07:12]}  Nxh3 {[%clk 0:02:25]} 53. Kf3 {[%clk 0:07:40]}  Rb2 {[%clk 0:02:05]} 54. Kg3 {[%clk 0:08:07]}  Ng1 {[%clk 0:02:11]} 55. g5 {[%clk 0:08:14]}  Ne2+ {[%clk 0:02:08]} 56. Kf3 {[%clk 0:07:08]}  Kf7 {[%clk 0:01:49]} 57. g6+ {[%clk 0:05:24]}  Kxg6 {[%clk 0:02:03]} 58. Nf4+ {[%clk 0:05:50]}  Kf7 {[%clk 0:02:27]} 59. Nxe2 {[%clk 0:06:16]}  Rb1 {[%clk 0:02:25]} 60. Rxa2 {[%clk 0:06:43]}  Kf6 {[%clk 0:02:43]} 61. Ke4 {[%clk 0:07:05]}  Re1 {[%clk 0:02:44]} 62. Kd5 {[%clk 0:07:18]}  Rd1+ {[%clk 0:02:38]} 63. Nd4 {[%clk 0:07:46]}  Ke7 {[%clk 0:02:56]} 64. Rf2 {[%clk 0:08:06]}  Rd3 {[%clk 0:03:04]} 65. Rf1 {[%clk 0:08:24]}  Ra3 {[%clk 0:02:34]} 66. Nc6+ {[%clk 0:08:49]}  Kd7 {[%clk 0:01:20]} 67. Rf7+ {[%clk 0:09:15]}  Kc8 {[%clk 0:01:42]} 68. Ne5 {[%clk 0:08:56]}  Ra1 {[%clk 0:01:55]} 69. Nd7 {[%clk 0:08:51]}  Rd1+ {[%clk 0:02:12]} 70. Kc6 {[%clk 0:09:13]}  Kd8 {[%clk 0:01:45]} 71. Nf6 {[%clk 0:09:29]}  Rc1+ {[%clk 0:01:21]} 72. Kd6 {[%clk 0:09:55]}  Rd1+ {[%clk 0:01:44]} 73. Nd5 {[%clk 0:10:22]}  Ke8 {[%clk 0:01:59]} 74. Rf2 {[%clk 0:10:48]}  Rd3 {[%clk 0:02:07]} 75. Ke6 {[%clk 0:11:13]}  Rd1 {[%clk 0:02:09]} 76. Re2 {[%clk 0:10:24]}  Kf8 {[%clk 0:01:26]} 77. Ne7 {[%clk 0:10:26]}  Kg7 {[%clk 0:01:36]} 78. Nf5+ {[%clk 0:10:22]}  Kf8 {[%clk 0:01:17]} 79. Ne7 {[%clk 0:10:32]}  Kg7 {[%clk 0:01:42]} 80. Rg2+ {[%clk 0:10:59]}  Kh7 {[%clk 0:01:38]} 81. Kf6 {[%clk 0:11:20]}  Rf1+ {[%clk 0:01:28]} 82. Nf5 {[%clk 0:11:47]}  Rh1 {[%clk 0:01:08]} 83. Ra2 {[%clk 0:11:57]}  Rh3 {[%clk 0:01:16]} 84. Ra7+ {[%clk 0:12:21]}  Kh8 {[%clk 0:00:52]} 85. Kg6 {[%clk 0:12:47]}  Rh6+ {[%clk 0:00:40]} 86. Kxh6 {[%clk 0:13:12]} 1-0